LEADER 01427nam a2200241 a 4500 001 000000023153 003 CaOOAMICUS 005 20110930101939.0 008 950519s1893 it u000 u lat r 035 $a10581272 040 $aPUL$bita 110 1 $aSanta Sede.$kTrattati, ecc.$0(OLS)http://pul/name/19561 245 10$aConventiones de rebus ecclesiasticis inter S. Sedem et civilem potestatem initae sub pontificatu ssmi d. n. Leonis pp. XIII usque ad diem 7 nov. 1893; :$bappendix ad Acta hactenus publicata eiusdem summi pontificis. 260 $aRomae :$bex Typographia vaticana,$c1893. 300 $av, 123 p. ;$c30 cm 500 $aPublished as appendix to Catholic church. Pope, 1878-1903 (Leo XIII) Leonis XIII. pontificis maxima Acta, vol. XIII. 850 $aPUL 852 $aPUL$W1$xSL Diritto Canonico 1$y5$m146 D 14$j32461$nBK-PRI$qStampati Antico$B32461$CPULBib$Z2$F32461 $82 852 $aPUL$W1$xDP1 Fondo Maccarrone$y58$m1508 C 17$j146141$a2. copia$qFondi$B144827$CPULBib$Z2$F144827 $H02318 $82 941 1 $a15 941 1 $a1 996 $6245$aConventiones de rebus ecclesiasticis inter S. Sedem et civilem potestatem initae sub pontificatu ssmi d. n. Leonis pp. XIII usque ad diem 7 nov. 1893; :$bappendix ad Acta hactenus publicata eiusdem summi pontificis$9(OLS)http://pul/title/32240 996 $6260$aRomae :$bex Typographia vaticana$9(OLS)http://pul/publisher/53492 LEADER 01290nam a2200301 a 4500 001 000000111175 003 CaOOAMICUS 005 20080414151738.0 008 080414s2008 it 001 u ita d 020 $z978-88-7016-106-1* 040 $aPUL$bita$dLDB 041 1 $aita$hger 100 1 $aAdam, Armin.$0(OLS)http://pul/name/68241 240 10$aPolitische Theologie. Eine kleine Geschichte.$lItaliano.$0(OLS)http://pul/title/139778 245 10$aTeologia politica /$cArmin Adam ; edizione italiana a cura di Marco Di Pasquale. 260 $aTorino :$bClaudiana,$cc2008. 300 $a176 p. ;$c24 cm. 490 1 $aStrumenti ;$v39 504 $aBibliografia in nota. 650 4$aTeologia politica.$0(OLS)http://pul/subject/5569 700 1 $aDi Pasquale, Marco.$0(OLS)http://pul/name/68242 830 0$aStrumenti (Claudiana).$pPensiero cristiano ;$v39.$0(OLS)http://pul/title/87161 850 $aPUL 852 $aPUL$W1$xSL Diritto e Scienze Sociali 3$y79$m320. 01 ADAAR 1$j127456$qDDC 21$B126153$CPULBib$Z2$F126153 $H107009 $82 941 1 $a9 996 $6020$z978-88-7016-106-1*$9(OLS)http://pul/number/137712 996 $6245$aTeologia politica$9(OLS)http://pul/title/139779 996 $6260$aTorino :$bClaudiana$9(OLS)http://pul/publisher/48072